Πόρτες Πάρος Ναυάγιο Σαμίνα Εξπρές 2000 : χρονικό - αφηγήσεις - επακόλουθα

Αποθηκεύτηκε σε:
Λεπτομέρειες βιβλιογραφικής εγγραφής
Κύριος συγγραφέας: Σταύρου, Σταύρος, 1969-
Μορφή: Βιβλίο
Γλώσσα:Greek
Δημοσίευση: Αθήνα : Εκάτη, 2006.
Θέματα:
Ετικέτες: Προσθήκη ετικέτας
Δεν υπάρχουν, Καταχωρήστε ετικέτα πρώτοι!

MARC

LEADER 00000cam a2200000 a 4500
001 1/115464
008 171106s2006####gr | ||| |||| ||gre||
020 |a 9604080555 
040 |a GR-MyUa  |b gre  |c GR-MyUa  |e AACR2 
041 0 |a gre 
082 7 |a 889.3  |2 (23) 
100 1 |a Σταύρου, Σταύρος,   |d 1969- 
245 1 0 |a Πόρτες Πάρος Ναυάγιο Σαμίνα Εξπρές 2000 :   |b χρονικό - αφηγήσεις - επακόλουθα /   |c Σταύρος Σταύρου.  
260 |a  Αθήνα :   |b Εκάτη,   |c 2006.  
300 |a 254 σ. ;   |c 24 εκ.  
610 2 7 |2 nlgaf  |a Σαμίνα (Πλοίο) 
650 0 |a Shipwrecks  |z Aegean Sea. 
650 0 |a Shipwreck victims  |z Greece. 
650 0 |a Shipwreck survival  |z Greece. 
852 |a INST  |b SAMOS  |e 20171106  |h 889.3 ΣΤΑ  |p 005300045012  |q 005300045012  |t BK  |y 0 
970 |a Φιλιππή  |b Φάλη  |z 06-11-2017